| 000 | 00663nas a2200253 4500 | ||
|---|---|---|---|
| 001 | BR9204405 | ||
| 003 | BR-BrBNA | ||
| 005 | 20231205092728.0 | ||
| 007 | ta | ||
| 008 | 230509b bl.|||p| |||| 00| 00por d | ||
| 040 |
_aBR-BrBNA _bpor _cBiblioteca Nacional de Agricultura |
||
| 041 | _a(Pt) | ||
| 072 | _aQ60 | ||
| 100 | 1 | _aAnon. | |
| 245 | 1 | _aMetodo simples e barato de curtir pele de ovelha | |
| 650 | _aOVELHA | ||
| 650 | _aPELE | ||
| 650 | _aCURTUME | ||
| 650 | _aMERCADO | ||
| 650 | _aPRATICO | ||
| 773 | 0 |
_tGranja do Ano (Brazil) _x _g(1987-1988), (no. 2) p. 54-55 _wBR9204405 |
|
| 909 |
_a202311 _bLúcia _c55 _dLúcia Elande |
||
| 942 |
_2AGRIS _n0 _cANA |
||
| 999 |
_c133733 _d133733 |
||